The power of your subconscious mind / (Record no. 118040)
[ view plain ]
| 000 -LEADER | |
|---|---|
| fixed length control field | 00519nam a2200181Ia 4500 |
| 003 - CONTROL NUMBER IDENTIFIER | |
| control field | PILC |
| 005 - DATE AND TIME OF LATEST TRANSACTION | |
| control field | 20160201130657.0 |
| 008 - FIXED-LENGTH DATA ELEMENTS--GENERAL INFORMATION | |
| fixed length control field | 140609s9999 xx 000 0 und d |
| 020 ## - INTERNATIONAL STANDARD BOOK NUMBER | |
| International Standard Book Number | 9780486478999 |
| 050 ## - LIBRARY OF CONGRESS CALL NUMBER | |
| Classification number | BF 145 |
| Item number | .M8 2010 |
| 100 ## - MAIN ENTRY--PERSONAL NAME | |
| Personal name | Murphy, Joseph. |
| 245 #4 - TITLE STATEMENT | |
| Title | The power of your subconscious mind / |
| Statement of responsibility, etc | Joseph Murphy. |
| 260 ## - PUBLICATION, DISTRIBUTION, ETC. (IMPRINT) | |
| Place of publication, distribution, etc | Mineola, N.Y. : |
| Name of publisher, distributor, etc | Dover Publications, |
| Date of publication, distribution, etc | 2010. |
| 300 ## - PHYSICAL DESCRIPTION | |
| Extent | 190 pages ; |
| Dimensions | 22 cm. |
| 440 ## - SERIES STATEMENT/ADDED ENTRY--TITLE | |
| Title | (Dover empower your life series). |
| 942 ## - ADDED ENTRY ELEMENTS (KOHA) | |
| Call number prefix | Foreign |
| Koha item type | Books |
| Source of classification or shelving scheme | Library of Congress Classification |
| Withdrawn status | Lost status | Source of classification or shelving scheme | Damaged status | Home library | Current library | Shelving location | Date acquired | Source of acquisition | Cost, normal purchase price | Total Checkouts | Full call number | Barcode | Date last seen | Price effective from | Koha item type |
|---|---|---|---|---|---|---|---|---|---|---|---|---|---|---|---|
| Library of Congress Classification | College Library | College Library | General Circulation Section | 06/09/2014 | Donation | 352.00 | BF 145 .M8 2010 | C18328 | 05/15/2018 | 06/09/2014 | Books |